| 000 | 02099nam a22003497a 4500 | ||
|---|---|---|---|
| 999 |
_c100265 _d100265 |
||
| 005 | 20221220111519.0 | ||
| 010 | _a1617EN ENG-115237 ENG-135913 | ||
| 020 |
_a9789351508113 _c1195.00 |
||
| 035 | _aB-654189-195 | ||
| 035 | _aB-667872 | ||
| 035 | _aEN-98769 | ||
| 035 | _aEN-119445 | ||
| 037 | _bTBI | ||
| 037 | _bDBAD/PUB | ||
| 082 | 0 | 0 |
_a321.8 _223 |
| 100 | 1 | _aRoy, Ramashray | |
| 245 | 1 | 0 |
_aEssays on modernism, democracy and well-being : _ba Gandhian perspective / _cby Ramashray Roy [and] Ravi Ranjan |
| 260 |
_aNew Delhi _bSAGE Publications _c2016 |
||
| 270 |
_aB1/I-1 Mohan Cooperative Industrial Area, Mathura Road _bNew Delhi _e110044 |
||
| 300 |
_ax,312p. _c23cm(Hb) |
||
| 500 | _aIncludes bibliographical references and index. | ||
| 505 | 0 | _aTransformation of Order : Two Examples -- Modernism and Democracy : Twin Props of the Autonomous Self -- Democracy : The Case of Moral Deficit -- Democracy : Myth and Reality -- Fault Line of Democracy -- Making Sense of Social Justice -- The Elusive Search for Community -- Back to the Roots -- Philosophical Background of Gandhi's Thinking -- Gandhi's Critique of Democracy -- Local Democracy : Jefferson and Gandhi -- Sarvata : Modern Man in Search of Wholeness. | |
| 600 | 1 | 0 |
_aGandhi, _cMahatma, _d1869-1948 _xPolitical and social views. |
| 650 | 0 |
_aDemocracy _xSocial aspects. |
|
| 650 | 0 |
_aDemocracy _xMoral and ethical aspects. |
|
| 650 | 0 |
_aWell-being _xSocial aspects. |
|
| 700 | 1 | _aRanjan, Ravi | |
| 776 | 0 | 8 |
_iOnline version: _aRoy, Ramashray, author. _tEssays on modernism, democracy and well-being _dThousand Oaks, California : SAGE Publications Inc., 2016 _z9789351508120 _w(DLC) 2016001162 |
| 942 |
_2ddc _cEN _h321.8 _mROY |
||